[Event "RUS-ch Rapid (Women)"]
[Site "Sochi"]
[Date "2022.10.16"]
[Round "9"]
[White "Potapova, Margarita"]
[Black "Nechaeva, Marina"]
[Result "1-0"]
[WhiteElo "2226"]
[BlackElo "2373"]
[PlyCount "109"]
[EventDate "2022.10.15"]
[EventType "swiss (rapid)"]
[EventRounds "11"]
[EventCountry "RUS"]
[SourceTitle "CBM 210 Extra"]
[Source "ChessBase"]
[SourceDate "2022.11.30"]
[SourceVersion "1"]
[SourceVersionDate "2022.11.30"]
[SourceQuality "1"]

1. e4 c5 2. g3 Nc6 3. Bg2 g6 4. Ne2 Bg7 5. d3 d6 6. 0-0 e6 7. c3 Nge7 8. d4 cxd4 9. cxd4 d5 10. e5 b6 11. Nbc3 Ba6 12. Qa4 Bxe2 13. Nxe2 a6 14. Bh3 b5 15. Qd1 Qb6 16. Be3 0-0 17. Qd2 Rfc8 18. Rac1 Na5 19. b3 Rxc1 20. Rxc1 Rc8 21. Rxc8+ Nxc8 22. Qc3 Ne7 23. f4 h5 24. g4 hxg4 25. Bxg4 Nac6 26. h4 Qa5 27. Qxa5 Nxa5 28. Kf2 Nac6 29. Bd2 Bf8 30. Ke3 Nf5+ 31. Bxf5 gxf5 32. a4 bxa4 33. bxa4 Be7 34. Be1 Kh7 35. Kf3 Kg6 36. Bf2 Ba3 37. Be1 Kh5 38. Ng3+ Kxh4 39. Bf2 Kh3 40. Ne2 Bb2 41. Ng1+ Kh2 42. Ne2 Nb4 43. Bg1+ Kh3 44. Bf2 Nc2 45. Ng1+ Kh2 46. Ne2 Ba1 47. Bg1+ Kh3 48. Bf2 Bb2 49. Ng1+ Kh2 50. Ne2 Nb4 51. Bg1+ Kh3 52. Bf2 Nd3 53. Bg3 Bxd4 54. Nxd4 Nc5 55. Ne2 1-0

[Event "RUS-ch Rapid (Women)"]
[Site "Sochi"]
[Date "2022.10.15"]
[Round "2"]
[White "Fominykh, Maria"]
[Black "Nechaeva, Marina"]
[Result "1/2-1/2"]
[WhiteElo "2186"]
[BlackElo "2373"]
[PlyCount "190"]
[EventDate "2022.10.15"]
[EventType "swiss (rapid)"]
[EventRounds "11"]
[EventCountry "RUS"]
[SourceTitle "CBM 210 Extra"]
[Source "ChessBase"]
[SourceDate "2022.11.30"]
[SourceVersion "1"]
[SourceVersionDate "2022.11.30"]
[SourceQuality "1"]

1. d4 Nf6 2. c4 e6 3. g3 d5 4. Nf3 Be7 5. Bg2 0-0 6. 0-0 dxc4 7. Qa4 a6 8. Qxc4 b5 9. Qd3 Bb7 10. a4 bxa4 11. Nc3 c5 12. Rxa4 Nbd7 13. Rd1 Nb6 14. Ra1 c4 15. Qb1 Bb4 16. Bg5 Qc7 17. Bxf6 gxf6 18. Qc1 Kg7 19. Nh4 Rfd8 20. Bxb7 Qxb7 21. Qf4 Nd5 22. Qg4+ Kh8 23. Qf3 f5 24. e4 Bxc3 25. bxc3 Nf6 26. exf5 Qxf3 27. Nxf3 exf5 28. Ne5 Kg7 29. Nxc4 Rac8 30. Ne3 Rxc3 31. Nxf5+ Kg6 32. Ne7+ Kg7 33. Rxa6 Nd5 34. Nf5+ Kf8 35. Re1 Rf3 36. Nh6 Nb4 37. Rb6 Nc2 38. Re4 Rxd4 39. Rxd4 Nxd4 40. Kg2 Rc3 41. Rd6 Ne6 42. Rd7 Rc7 43. Rxc7 Nxc7 44. Nf5 f6 45. Kf3 Kf7 46. Ke4 Ne6 47. h4 Nc5+ 48. Kd5 Nd3 49. f3 h5 50. Ke4 Nc5+ 51. Kd4 Nb3+ 52. Ke3 Kg6 53. Nd4 Nc5 54. g4 hxg4 55. fxg4 Nb7 56. Kf4 Nd6 57. Nf5 Nc4 58. h5+ Kf7 59. Ne3 Nd6 60. Nf5 Nc4 61. Ng3 Nd6 62. Ne4 Nc4 63. Nc5 Nd6 64. Nd3 Nc4 65. Nf2 Nd6 66. Nd1 Nc4 67. Ke4 Nd2+ 68. Kf5 Nc4 69. Nc3 Nd6+ 70. Kf4 Nc4 71. Ne4 Kg7 72. Ng3 Kf7 73. Nf5 Kg8 74. Ke4 Kf7 75. Kd5 Nb6+ 76. Kd4 Nd7 77. Ke4 Nc5+ 78. Kd5 Nd3 79. Ne3 Nf4+ 80. Ke4 Ne6 81. Nd5 Kg7 82. Nf4 Nc7 83. Kf5 Nb5 84. Ke6 Nd4+ 85. Kd5 Nf3 86. Ke4 Nd2+ 87. Kf5 Nc4 88. Nd5 Nd6+ 89. Ke6 Ne4 90. Ne3 Nc5+ 91. Ke7 Ne4 92. Nf5+ Kh7 93. Kf7 Nf2 94. Ne3 Kh6 95. Kxf6 Nxg4+ 1/2-1/2

[Event "RUS-ch Rapid (Women)"]
[Site "Sochi"]
[Date "2022.10.15"]
[Round "4"]
[White "Shafigullina, Zarina"]
[Black "Nechaeva, Marina"]
[Result "0-1"]
[WhiteElo "2243"]
[BlackElo "2373"]
[PlyCount "104"]
[EventDate "2022.10.15"]
[EventType "swiss (rapid)"]
[EventRounds "11"]
[EventCountry "RUS"]
[SourceTitle "CBM 210 Extra"]
[Source "ChessBase"]
[SourceDate "2022.11.30"]
[SourceVersion "1"]
[SourceVersionDate "2022.11.30"]
[SourceQuality "1"]

1. d4 Nf6 2. c4 e6 3. Nf3 b6 4. g3 Ba6 5. Qc2 c5 6. d5 exd5 7. cxd5 Bb7 8. Bg2 Nxd5 9. 0-0 Be7 10. Rd1 Nc6 11. Qa4 Nf6 12. Nh4 0-0 13. Nf5 d5 14. Nc3 Nd4 15. Nxd4 cxd4 16. Rxd4 Bc5 17. Rd3 Qe8 18. Qh4 Ne4 19. Be3 Be7 20. Qh5 Nxc3 21. bxc3 Bf6 22. Bxd5 Bxd5 23. Qxd5 Rc8 24. Rc1 Qa4 25. Qb3 Qg4 26. Rc2 h5 27. Kg2 Rfe8 28. Rcd2 Qe4+ 29. f3 Qg6 30. Bf4 Rxe2+ 31. Rxe2 Qxd3 32. Re3 Qd2+ 33. Kh3 Qd7+ 34. Kg2 g5 35. Bxg5 Bxg5 36. Re5 Bf6 37. Rxh5 Rxc3 38. Rd5 Rxb3 39. Rxd7 Rb2+ 40. Kh3 Rxa2 41. Kg4 Rxh2 42. Rxa7 Kg7 43. f4 b5 44. Rb7 Rb2 45. Kf5 b4 46. g4 Bc3 47. g5 Rg2 48. Rb8 Rf2 49. Ke4 Bd2 50. Kd3 Bxf4 51. Rxb4 Bxg5 52. Rg4 Kg6 0-1

[Event "RUS-ch Blitz (Women)"]
[Site "Sochi"]
[Date "2022.10.14"]
[Round "12"]
[White "Bodnaruk, Anastasia"]
[Black "Nechaeva, Marina"]
[Result "0-1"]
[WhiteElo "2378"]
[BlackElo "2373"]
[PlyCount "90"]
[EventDate "2022.10.14"]
[EventType "swiss (blitz)"]
[EventRounds "13"]
[EventCountry "RUS"]
[SourceTitle "CBM 210 Extra"]
[Source "ChessBase"]
[SourceDate "2022.11.30"]
[SourceVersion "1"]
[SourceVersionDate "2022.11.30"]
[SourceQuality "1"]

1. e4 c5 2. Nf3 d6 3. d4 cxd4 4. Nxd4 Nf6 5. Nc3 a6 6. Be2 e5 7. Nb3 Be7 8. 0-0 0-0 9. Qd3 Be6 10. Nd5 Bxd5 11. exd5 Nbd7 12. c4 Rc8 13. Be3 b6 14. Kh1 Nc5 15. Nxc5 bxc5 16. f4 e4 17. Qc2 Re8 18. a4 a5 19. Bd2 Rb8 20. Bc3 Bf8 21. Rae1 g6 22. Bd1 Bg7 23. g4 e3 24. Bf3 Nd7 25. Re2 Bxc3 26. Qxc3 Qf6 27. Qxf6 Nxf6 28. Rfe1 Rb4 29. Rxe3 Rxe3 30. Rxe3 Rxc4 31. g5 Nd7 32. Re4 Rc1+ 33. Kg2 Kf8 34. Be2 Nb6 35. Bb5 Nxd5 36. Kg3 Nc7 37. Bc6 Ne6 38. Bd7 Ke7 39. Bb5 d5 40. Re5 Kd6 41. h4 Rc2 42. h5 Rxb2 43. h6 Rb3+ 44. Kf2 Rb4 45. f5 Kxe5 0-1

[Event "RUS-ch Blitz (Women)"]
[Site "Sochi"]
[Date "2022.10.14"]
[Round "2"]
[White "Yurasova, Daria"]
[Black "Nechaeva, Marina"]
[Result "0-1"]
[WhiteElo "2048"]
[BlackElo "2373"]
[PlyCount "65"]
[EventDate "2022.10.14"]
[EventType "swiss (blitz)"]
[EventRounds "13"]
[EventCountry "RUS"]
[SourceTitle "CBM 210 Extra"]
[Source "ChessBase"]
[SourceDate "2022.11.30"]
[SourceVersion "1"]
[SourceVersionDate "2022.11.30"]
[SourceQuality "1"]

1. b3 d5 2. Bb2 Bf5 3. Nf3 e6 4. e3 h6 5. c4 c6 6. Be2 Nd7 7. 0-0 Ngf6 8. d3 Be7 9. Nbd2 0-0 10. a3 a5 11. Re1 Bh7 12. Rc1 Re8 13. Bf1 Bc5 14. h3 Qe7 15. Ra1 Bb6 16. Qc1 e5 17. Bc3 e4 18. dxe4 dxe4 19. Nd4 Bc7 20. Qb2 Qd6 21. g3 Ne5 22. b4 a4 23. c5 Qe7 24. Nc4 Nd5 25. Bd2 Nd3 26. Bxd3 exd3 27. Nf3 Qe4 28. Nd4 Qg6 29. Bc1 Rad8 30. Qd2 Nf6 31. Bb2 Ne4 32. Qxd3 Bxg3 33. Bc1 0-1

[Event "RUS-ch (Women) 72nd"]
[Site "Cheboksary"]
[Date "2022.09.22"]
[Round "11"]
[White "Nechaeva, Marina"]
[Black "Pogonina, Natalija"]
[Result "1/2-1/2"]
[WhiteElo "2363"]
[BlackElo "2453"]
[PlyCount "33"]
[EventDate "2022.09.11"]
[EventType "tourn"]
[EventRounds "11"]
[EventCountry "RUS"]
[EventCategory "5"]
[SourceTitle "CBM 210 Extra"]
[Source "ChessBase"]
[SourceDate "2022.11.30"]
[SourceVersion "1"]
[SourceVersionDate "2022.11.30"]
[SourceQuality "1"]

1. d4 Nf6 2. c4 e6 3. Nf3 d5 4. g3 Bb4+ 5. Nbd2 0-0 6. Bg2 b6 7. 0-0 Bb7 8. b3 Nbd7 9. Bb2 Rc8 10. Rc1 Qe7 11. a3 Bxa3 12. Bxa3 Qxa3 13. Ra1 Qd6 14. Rxa7 Ra8 15. Rxa8 Rxa8 16. Qc2 c5 17. e3 1/2-1/2

[Event "RUS-ch (Women) 72nd"]
[Site "Cheboksary"]
[Date "2022.09.21"]
[Round "10"]
[White "Garifullina, Leya"]
[Black "Nechaeva, Marina"]
[Result "0-1"]
[WhiteElo "2375"]
[BlackElo "2363"]
[PlyCount "80"]
[EventDate "2022.09.11"]
[EventType "tourn"]
[EventRounds "11"]
[EventCountry "RUS"]
[EventCategory "5"]
[SourceTitle "CBM 210 Extra"]
[Source "ChessBase"]
[SourceDate "2022.11.30"]
[SourceVersion "1"]
[SourceVersionDate "2022.11.30"]
[SourceQuality "1"]

1. e4 c5 2. Nf3 Nc6 3. Bb5 g6 4. Bxc6 bxc6 5. 0-0 Bg7 6. Re1 Nh6 7. c3 0-0 8. d4 cxd4 9. cxd4 d5 10. e5 f6 11. e6 Qd6 12. Qe2 c5 13. dxc5 Qxc5 14. Be3 Qd6 15. Nd4 Ba6 16. Qf3 f5 17. Nb3 Ng4 18. Bf4 Qb4 19. Nc3 Bc4 20. Rad1 Rac8 21. h3 Nf6 22. Be5 Ne4 23. Bxg7 Kxg7 24. Qe3 Bxb3 25. axb3 Nxc3 26. bxc3 Qxc3 27. Qxa7 Rc7 28. Qa3 Rfc8 29. Re3 Qf6 30. Red3 Rc2 31. Rxd5 Re2 32. Rd7 Qxe6 33. Qb4 Rcc2 34. Qd4+ Qf6 35. Qb4 Rxf2 36. Rxe7+ Kh6 37. Qb7 Rxg2+ 38. Kh1 Rh2+ 39. Kg1 Qg5+ 40. Kf1 Qf4+ 0-1

[Event "RUS-ch (Women) 72nd"]
[Site "Cheboksary"]
[Date "2022.09.20"]
[Round "9"]
[White "Yakimova, Mariya"]
[Black "Nechaeva, Marina"]
[Result "0-1"]
[WhiteElo "2252"]
[BlackElo "2363"]
[PlyCount "98"]
[EventDate "2022.09.11"]
[EventType "tourn"]
[EventRounds "11"]
[EventCountry "RUS"]
[EventCategory "5"]
[SourceTitle "CBM 210 Extra"]
[Source "ChessBase"]
[SourceDate "2022.11.30"]
[SourceVersion "1"]
[SourceVersionDate "2022.11.30"]
[SourceQuality "1"]

1. d4 d5 2. c4 c6 3. Nf3 Nf6 4. Nc3 e6 5. Qd3 dxc4 6. Qxc4 b5 7. Qd3 a6 8. g4 c5 9. g5 c4 10. Qe3 Nd5 11. Nxd5 Qxd5 12. Bg2 Bb4+ 13. Kf1 Bb7 14. h4 Qf5 15. Ne5 Bxg2+ 16. Kxg2 f6 17. Nf3 Nc6 18. Qf4 Qxf4 19. Bxf4 0-0 20. Rhd1 fxg5 21. Bxg5 h6 22. Bd2 Bxd2 23. Rxd2 Rad8 24. Rad1 Nb4 25. a3 Nd5 26. e3 Rf5 27. Ne5 Rh5 28. e4 Nf6 29. f3 Rxh4 30. Nc6 Re8 31. Nb4 a5 32. Na6 Rh5 33. a4 Rc8 34. e5 Nd5 35. axb5 Ne3+ 36. Kg3 Rg5+ 37. Kf2 Nxd1+ 38. Rxd1 Rf5 39. Rc1 Rf7 40. b3 Rcf8 41. bxc4 Rxf3+ 42. Ke2 a4 43. c5 Rb3 44. Nc7 a3 45. Ra1 Rff3 46. d5 Rh3 47. Kf2 Rh2+ 48. Kg1 Rc2 49. dxe6 a2 0-1